00000000cam 2200000zi 4500
0019.963264
003CaOODSP
00520260602155057
006m     o  d f      
007cr |n|||||||||
008260602t19811981oncad   ob   f000 0 eng d
020 |z0662115236
040 |aCaOODSP|beng|erda|cCaOODSP
041 |aeng|bfre
043 |an-cn---
0861 |aJS22-56/1981E-PDF|zJS22-56/1981E
1001 |aScarff, Elisabeth, |eauthor.
24510|aEvaluation of the Canadian gun control legislation : |bfirst progress report / |cby Elisabeth Scarff, Ted Zaharchuk, Terrence Jacques, Michael McAuley.
264 1|aOttawa, Ontario : |bSolicitor General Canada, Research Division, |c[1981]
264 4|c©1981
300 |a1 online resource (1 volume (various pagings)) : |bfigures, graphs
336 |atext|btxt|2rdacontent
337 |acomputer|bc|2rdamedia
338 |aonline resource|bcr|2rdacarrier
500 |aIssued also in French under title: L'évaluation des mesures législatives canadiennes relatives au contrôle des armes à feu : premier rapport provisoire.
500 |aDigitized edition from print [produced by Public Safety Canada].
504 |aIncludes bibliographical references.
546 |aIncludes some text in French.
650 0|aFirearms|xLaw and legislation|zCanada.
650 0|aGun control|zCanada.
7101 |aCanada.|bSolicitor General Canada.|bResearch Division, |eissuing body.
77508|tL'évaluation des mesures législatives canadiennes relatives au contrôle des armes à feu : |w(CaOODSP)9.963267
85640|qPDF|s5.92 MB|uhttps://publications.gc.ca/collections/collection_2026/sp-ps/JS22-56-1981-eng.pdf